On Trotskyism : problems of theory and history = Sobre el Trotskyismo: problemas de teoría e historia /
Guardat en:
| Autor principal: | |
|---|---|
| Format: | Desconegut |
| Idioma: | English |
| Publicat: |
Londres :
Routledge & Paul,
1976.
|
| Matèries: | |
| Etiquetes: |
Afegir etiqueta
Sense etiquetes, Sigues el primer a etiquetar aquest registre!
|
MARC
| LEADER | 000000000a22000000004500 | ||
|---|---|---|---|
| 001 | 014289 | ||
| 020 | |a 0710082770 | ||
| 041 | 0 | |a eng | |
| 082 | 0 | 4 | |a 335.433 |b M461t |
| 100 | 1 | |a Mavrakis, Kostas | |
| 245 | 1 | 0 | |a On Trotskyism : |b problems of theory and history = Sobre el Trotskyismo: problemas de teoría e historia / |c Kostas Mavrakis. |
| 246 | 3 | 1 | |a Sobre el Trotskyismo: problemas de teoría e historia |
| 260 | 1 | |a Londres : |b Routledge & Paul, |c 1976. | |
| 300 | |a 248 páginas | ||
| 650 | 4 | |a TROTSKY, LEON 1879-1940 | |
| 650 | 4 | |a CUARTA INTERNACIONAL | |
| 650 | 4 | |a REVOLUCIONES | |
| 650 | 4 | |a HISTORIA | |
| 500 | |a Colección George Yúdice | ||
| 999 | |c 20183 |d 20183 | ||
| 942 | |c BK |h 335.433 M461t |2 z | ||



